| 000 | 02226nam a22003017a 4500 | ||
|---|---|---|---|
| 999 |
_c59326 _d59326 |
||
| 003 | Ge_BSU | ||
| 005 | 20230123122903.0 | ||
| 008 | 230123s2016 ge ||||| |||| 00| 0 geo d | ||
| 020 | _a9789941250224 | ||
| 041 | _ageo | ||
| 080 | _a634(479.22) : 631.54(479.22) ხ-47 | ||
| 245 |
_aხეხილის მოვლა-მოყვანის თანამედროვე ტექნოლოგიები : (აგროწესები) / _b _c ავტორები: გურამ ალექსიძე, გივი ბადრიშვილი, იუზა ვასაძე [და სხვ.] ; რედაქტორები: იური ნოზაძე, არჩილ კაჭარავა ; საქ. სოფლის მეურნეობის სამინისტრო, საქ. სოფლის მეურნეობის მეცნ. აკადემია. |
||
| 264 |
_aთბილისი : _bმერიდიანი, _c2016. |
||
| 300 |
_a238 გვ. ; _b20 სმ. |
||
| 500 | _aწიგნი გამოიცა ავტორების დაფინანსებით. | ||
| 653 | _aმეხილეობა საქართველოში | ||
| 653 | _aხეხილის მოვლა | ||
| 700 |
_aალექსიძე, გურამ _eავტორი _97983 |
||
| 700 |
_aბადრიშვილი, გივი _eავტორი _96643 |
||
| 700 |
_aვასაძე, იუზა _eავტორი _916745 |
||
| 700 |
_aკვალიაშვილი, ვაჟა _eავტორი _916746 |
||
| 700 |
_aონიანი, ჯუმბერ _eავტორი _916747 |
||
| 700 |
_aშაფაქიძე, ელგუჯა _eავტორი _916748 |
||
| 700 |
_aნოზაძე, იური _eრედაქტორი _916749 |
||
| 700 |
_aკაჭარავა, არჩილ _eრედაქტორი _916750 |
||
| 710 |
_aსაქ. სოფლის მეურნეობის სამინისტრო. _bსაქ. სოფლის მეურნეობის მეცნ. აკადემია. _916751 |
||
| 942 |
_2udc _cBK |
||